000 00522nam a22001697a 4500
005 20251108172831.0
008 250721s1995 xx 000 0 ara d
082 1 4 _a646.2/بلا
100 1 _aبلاكر، ماريان
245 1 0 _aفنون التطريز - أجمل دروس التطريز و أكثرها نفعاً /
264 1 _aبيروت :
_bالدار العربية للعلوم،
_c1995.
300 _a87 ص
650 1 7 _aالخياطة
650 1 7 _aالتطريز
942 _2ddc
_cBK
999 _c89631
_d89631